00501nam a2200193 a 4500001001300000003000900013005001700022008004100039020002300080082001500103100001900118245003900137260003700176300000900213500003500222505001000257650002100267700001900288nice12345678IN_TiNIC20260116014457.0070420s1998 newa grp 000 0 eng  a8124601070 c48000a181.4bBAR aBarlingay, S S aReunderstainding Indian Philosophy aNew Delhi bDk Printworld c1998 a371p aincludes index and biblioraphy2 aIndex aPhilosophy-India1 aBarlingay, S S